| 000 | 00994nam a2200181 a 4500 | ||
|---|---|---|---|
| 008 | 150205s2011 ||||||||||||||||| || u | ||
| 020 | _a9780723433828 | ||
| 050 | _aQR 46 Guy | ||
| 100 | _aGuyot, Andrea | ||
| 245 | 1 | 0 |
_aFlesh and bones of medical microbiology _cBy Andrea Guyot, Silke Schelenz [and] Steven Myint |
| 260 |
_aEdinburgh _bMosby Elsevier _c2011 |
||
| 300 | _a125p.: ill. | ||
| 350 | _a35.95 | ||
| 650 | _aMICROBIOLIOGY | ||
| 995 |
_aMEDICAL LIBRARY OPEN ACCESS _e902619 _FCBU-SCHOOL OF MEDICINE LIBRARY (Ndola) _I35.95 _jQR 46 Guy _M3 _UAVAILABLE _WFeb 17, 2015 _y902619 _ZMedical Library Open Access Collection |
||
| 995 |
_aMEDICAL LIBRARY OPEN ACCESS _e902617 _FCBU-SCHOOL OF MEDICINE LIBRARY (Ndola) _I35.95 _jQR 46 Guy _M1 _UAVAILABLE _WFeb 17, 2015 _y902617 _ZMedical Library Open Access Collection |
||
| 995 |
_aMICHAEL CHILUFYA SATA OPEN ACCESS _e902618 _FCBU-SCHOOL OF MEDICINE LIBRARY (Ndola) _I35.95 _jQR 46 Guy _M2 _UAVAILABLE _WFeb 17, 2015 _y902618 _ZMedical Library Open Access Collection |
||
| 999 |
_c63867 _d63867 |
||